000 00278nam a2200121Ia 4500
008 190216s9999||||xx |||||||||||||| ||und||
100 _aArora C L
245 0 _aRefresher Course In Physics
260 _bS Chand & Co
_c1977
300 _a1248p
650 _aPhysics
942 _cBK
999 _c32834
_d32834